| 000 -LEADER |
| fixed length control field |
00999cam a2200265 i 4500 |
| 001 - CONTROL NUMBER |
| control field |
vtls000712279 |
| 003 - CONTROL NUMBER IDENTIFIER |
| control field |
NUKAT |
| 005 - DATE AND TIME OF LATEST TRANSACTION |
| control field |
20190416091804.0 |
| 008 - FIXED-LENGTH DATA ELEMENTS--GENERAL INFORMATION |
| fixed length control field |
060609s1971 gw a f |001 0 ger c |
| 035 ## - SYSTEM CONTROL NUMBER |
| System control number |
zz2006888065 |
| 039 #9 - LEVEL OF BIBLIOGRAPHIC CONTROL AND CODING DETAIL [OBSOLETE] |
| Level of rules in bibliographic description |
200707270124 |
| Level of effort used to assign nonsubject heading access points |
VLOAD |
| Level of effort used to assign subject headings |
200606130113 |
| Level of effort used to assign classification |
VLOAD |
| Level of effort used to assign subject headings |
200606121321 |
| Level of effort used to assign classification |
qam |
| 040 ## - CATALOGING SOURCE |
| Original cataloging agency |
TOR U/MIRLa |
| Transcribing agency |
TOR U/MIRLa |
| Modifying agency |
TOR U/LF |
| 041 1# - LANGUAGE CODE |
| Language code of text/sound track or separate title |
ger |
| Language code of original and/or intermediate translations of text |
eng |
| 099 ## - LOCAL FREE-TEXT CALL NUMBER (OCLC) |
| Classification number |
hh_494659 |
| 100 1# - MAIN ENTRY--PERSONAL NAME |
| Personal name |
Khambata, Adi Jehangir. |
| 245 10 - TITLE STATEMENT |
| Title |
Einührung in die Gruppenintegration / |
| Statement of responsibility, etc |
Adi J. Khabata ; [Übers. und Bearb.: Klaus Schade ; Lektor: Monika Rumpf]. |
| 246 1# - VARYING FORM OF TITLE |
| Display text |
Tyt. oryg.: |
| Title proper/short title |
Introduction to large-scale integration |
| 260 ## - PUBLICATION, DISTRIBUTION, ETC. (IMPRINT) |
| Place of publication, distribution, etc |
Berlin : |
| Name of publisher, distributor, etc |
VEB Verlag Technik, |
| Date of publication, distribution, etc |
cop. 1971. |
| 300 ## - PHYSICAL DESCRIPTION |
| Extent |
207 s. : |
| Other physical details |
il. ; |
| Dimensions |
22 cm. |
| 504 ## - BIBLIOGRAPHY, ETC. NOTE |
| Bibliography, etc |
Bibliogr. s. 195-203 i przy rozdz. Indeks. |
| 700 1# - ADDED ENTRY--PERSONAL NAME |
| Personal name |
Schade, Klaus. |
| Relator term |
Oprac. |
| 700 1# - ADDED ENTRY--PERSONAL NAME |
| Personal name |
Rumpf, Monika. |
| Relator term |
Tł. |
| 942 ## - ADDED ENTRY ELEMENTS (KOHA) |
| Source of classification or shelving scheme |
|
| Koha item type |
Książki |